000 00590nam a22002057a 4500
005 20150902120409.0
010 _aENG-113453
020 _c260.00
_a9789350350089
035 _aEN-96985
037 _bDBAD/PUB
082 _a346.54054
100 _a Kumar, H.L.
245 _aMake your will yourself /
_cby H.L.Kumar
250 _a4th ed
260 _aDelhi
_bUniversal Law Publishing
_c2011
270 _aA-58, G.T. Karnal Road Industrial Area,
_bDelhi
_e110033
300 _axxxv,275p.
_c22cm(pbk)
500 _aIncludes index
942 _2ddc
_cEN
_mKUM
_h346.54054
999 _c94869
_d94869